Manual de técnica legislativa /

Guardado en:
Autor Principal: Pérez Bourbon, Héctor
Otros Autores: Korneli, Christoph, (prol.)
Formato: Libro
Idioma:Spanish
Publicado: Buenos Aires : Konrad Adenauer Stiftung, 2007.
Edición:1a. ed.
Materias:
Etiquetas: Agregar Etiqueta
Sin Etiquetas, Sea el primero en etiquetar este registro!
LEADER 00524nam a22001695a 4500
001 DER.der005425
008 180615s2007####ag#||||||||||||||#||spa||
005 20250210091658.0
245 1 0 |a Manual de técnica legislativa /  |c Héctor Pérez Bourbon 
250 |a 1a. ed. 
260 |a Buenos Aires :  |b Konrad Adenauer Stiftung,  |c 2007. 
300 |a 219 p. 
020 |a 9789871285075 
100 1 |a Pérez Bourbon, Héctor 
700 1 |a Korneli, Christoph,  |e prol. 
650 7 |a PRACTICA JURIDICA 
859 |a DERECHO  |b BIB. DERECHO  |h 328.2  |i PER  |p 005538